000 00538nmm a2200169Ia 4500
008 251105s9999||||xx |||||||||||||||||und||
020 _a9562823113
041 _aspa
100 _aEscalante, Jorge
245 0 _aLa misión era matar :
_b El juicio a la Caravana Pinochet-Arellano
264 _a[Santiago de Chile, Chile] :
_bLOM Ediciones,
_c2000
300 _a292 páginas
490 _aNuevo Periodismo
650 _aHistory of the Americas: Latin America
856 _uhttps://public.digitaliapublishing.com/a/13023
942 _cCF
999 _c74310
_d74310